Historía mínima de la mitología
Enregistré dans:
| Auteur principal: | |
|---|---|
| Format: | Livre |
| Langue: | espagnol |
| Publié: |
Madrid
Turner
2015
Ciudad de México El Colegio de México 2015 |
| Édition: | 2a. ed |
| Sujets: | |
| Tags: |
Ajouter un tag
Pas de tags, Soyez le premier à ajouter un tag!
|
MARC
| LEADER | 00000cam a2200000 a 4500 | ||
|---|---|---|---|
| 001 | UCC1571 | ||
| 003 | CL-VaPUC | ||
| 008 | 171104e20150000sp |||||||||||||||||spa|d | ||
| 020 | |a 9788415832164 | ||
| 082 | 0 | 4 | |a 291.13 |b GAR |2 21 |
| 100 | |a García Gual, Carlos |e autor |9 595619 | ||
| 245 | 1 | 0 | |a Historía mínima de la mitología |
| 246 | 1 | 0 | |a Los mitos clásicos y sus ecos en la tradición occidental |
| 250 | |a 2a. ed | ||
| 300 | |a 237 p | ||
| 942 | |c BK | ||
| 945 | |d 20171104 20:09:00 |a arojas | ||
| 260 | |a Madrid |b Turner |c 2015 | ||
| 260 | |a Ciudad de México |b El Colegio de México |c 2015 | ||
| 650 | 0 | |a Mitología |9 255719 | |
| 650 | 0 | |a Mitología clásica |9 265586 | |
| 650 | 0 | |a Historia |9 255047 | |
| 583 | |a last modification |c 20171104 20:09:00 |k Rodrigo Vera | ||
| 999 | |c 369997 |d 369995 | ||
| 952 | |0 0 |1 0 |3 erb |4 0 |6 291_130000000000000_GAR_2015_2015 |7 0 |8 A |9 486239 |a BIBHIS |b BIBHIS |i 5433967 |o 291.13 GAR 2015 2015 |p 5433967 |r 2025-01-20 |w 2019-11-24 |y BK |z Catalogado en:20171104 |k HIS | ||